| 000 | 00781nam a22002295i 4500 | ||
|---|---|---|---|
| 001 | 168059 | ||
| 003 | ES-MaACL | ||
| 005 | 20230906213652.0 | ||
| 008 | 051004s1872 gw | |||||||| ||eng d | ||
| 040 |
_aCAM _bspa _cCAM |
||
| 100 | 1 |
_aYates, Edmund. _9133985 |
|
| 245 | 1 | 2 |
_aA waiting race _b: a novel / _cby Edmund Yates. |
| 260 |
_aLeipzig : _bBernhard Tauchnitz, _c1872. |
||
| 300 |
_a2 v. (320 ; 303 p.) ; _c16 cm. |
||
| 490 | 1 |
_aCollection of british authors ; _v1251 ; 1252 |
|
| 650 | 7 |
_aNovela inglesa _2embne _9137408 |
|
| 700 | 1 |
_aTauchnitz, Bernhard, _eed. _9162210 |
|
| 752 |
_aAlemania - _dLeipzig |
||
| 830 | 0 |
_aCollection of british authors ; _v1251 ; 1252 _9180703 |
|
| 852 |
_aES-MaACL _jG-11974 _z-- Enc. hol. _z-- Enc. 2 t. en 1 v. |
||
| 999 |
_c168059 _d168059 |
||